Great Britain - Statistics

General Stats
  • This quiz has been taken 314 times
    182 since last reset
  • The average score is 13 of 15
Answer Stats
Question Answer % Correct
Which city is famous as the home of The Beatles? Liverpool
97%
Who become the UK’s first female Prime Minister in 1979 Margaret Thatcher
94%
In 1917 the Royal Family changed their surname to what? Windsor
94%
The Channel Tunnel connects Britain with which other county? France
93%
Which fictional secret agent was created in the 1950s by Ian Fleming? James Bond
93%
Which British takeaway is traditionally served in newspaper? Fish and Chips
91%
Which fictional detective was created by Arthur Conan-Doyle? Sherlock Holmes
91%
In which decade did British towns and cities experience 'The Blitz'? 1940s
90%
The Scottish Parliament Building, completed in 2004, is in which city? Edinburgh
88%
Which English city do 'Geordies' come from? Newcastle
80%
Which Manchester band featured the brothers Liam and Noel Gallagher? Oasis
80%
A 'pasty' is a type of food traditionally associated with which English county? Cornwall
78%
The Sex Pistols played which kind of music, which emerged in the 1970s? Punk
72%
What is the name of the patron saint of Wales? Saint David
72%
In which English county is the Royal Family's Sandringham Estate? Norfolk
52%
No matching quizzes found
Score Distribution
Percent of People with Each Score
Percentile by Number Answered
Your Score History
You have not taken this quiz since the last reset